| 000 | 00471nam a22001457a 4500 | ||
|---|---|---|---|
| 008 | 230410b |||||||| |||| 00| 0 eng d | ||
| 040 |
_aNational Science Library _cNational Science Library |
||
| 080 |
_a338:63 _bK2 |
||
| 245 |
_aAspect of economic development: _bThe background to freedom from hunger _c/ United Nations |
||
| 260 |
_aUSA: _bUnited Nations, |
||
| 300 | _axi, 84p. | ||
| 490 |
_aFFHC basic study _vNo. 8 |
||
| 650 | _aEconomic history | ||
| 942 |
_2udc _cREP |
||
| 999 |
_c19730 _d19730 |
||